Toinen maailmansota - Statistics

Yleistilastot
  • Tätä visaa on pelattu 695 kertaa
  • Keskiarvotulos 9 / 15
Vastaustilastot
Kysymys Vastaus % Oikein
Kuka hallitsi Saksaa suurimman osan toisesta maailmansodasta? Adolf Hitler
93%
Minä vuosina toinen maailmansota käytiin? 1939-1945
91%
Mihin Japanin kaupunkeihin Yhdysvallat tiputtivat atomipommin toisen maailmansodan lopussa? Hiroshima ja Nagasaki
91%
Kuka hallitsi Neuvostoliittoa toisen maailmansodan aikana? Josif Stalin
91%
Ketkä olivat vastakkain toisessa maailmansodassa? Liittoutuneet ja akselivallat
86%
Mikä oli Molotov-Ribbentrop-sopimus? Saksan ja Neuvostoliiton välinen hyökkäämättömyyssopimus
81%
Mikä oli toisen maailmansodan ainoa maa joka taisteli sekä liittoutuneiden sekä akselivaltojen puolella? Suomi
57%
Mikä oli toisen maailmansodan casus belli? Saksan hyökkays Puolaan
56%
Milloin Adolf Hitler syntyi? 20.4.1889
51%
Kuka suunnittelu hyökkäyksen Pearl Harboriin? Isoroku Yamamoto
38%
Mikä oli Saksan eniten valmistettu lentokone toisen maailmansodan aikana? Messerschmitt Bf 109
38%
Minkä laivan uppoaminen oli Yhdysvaltain laivastolle kaikkein tuhoisin menetettyjä ihmishenkiä verrattaessa? USS Arizona
35%
Mikä oli toisen maailamsodan isoin taistelulaiva IJN Yamato
24%
Kuinka monta uhria toinen maailmansota kaiken kaikkiaan vaati? 73 miljoonaa
22%
Mikä oli Saksan eniten valmistettu panssarivaunu toisen maailmansodan aikana? Panzer III
15%
Ehtoja vastaavia visoja ei löytynyt
Tulosjakauma
Jokaisen tuloksen saaneiden osuus
Persentiili vastausten määrän mukaan
Tuloshistoriasi
Et ole pelannut tätä visaa